| 000 | 004230000a22001810004500 | ||
|---|---|---|---|
| 003 | MACL | ||
| 005 | 20160129124256.0 | ||
| 008 | 160129b xxu||||| |||| 00| 0 eng d | ||
| 040 |
_aMACL _cMACL |
||
| 041 | _aEnglish | ||
| 082 | _a823/KUN | ||
| 100 |
_aKundera, Milan _935263 |
||
| 245 | _aImmortality | ||
| 260 |
_bFaber & Faber _c1991 _aLondon |
||
| 350 | _a317 | ||
| 650 |
_aFiction _935264 |
||
| 942 |
_cBK _k823/KUN _2ddc |
||
| 999 |
_c31279 _d31279 |
||